[Event "9th Vellmar Chess Days"]
[Site "chess24.com"]
[Date "2017.07.14"]
[Round "2"]
[White "Blum, Ralph"]
[Black "Reinecke, Katharina"]
[Result "1/2-1/2"]
[Board "38"]
[WhiteElo "2099"]
[WhiteCountry "GER"]
[WhiteFideId "4633520"]
[WhiteEloChange "-6"]
[BlackElo "1877"]
[BlackCountry "GER"]
[BlackFideId "12929727"]
[BlackEloChange "6"]

1. d4 {[%clk 1:30:50]} d5 {[%clk 1:30:53]} 2. c4 {[%clk 1:31:09]} c6 {[%clk
1:31:20]} 3. Nc3 {[%clk 1:31:28]} Nf6 {[%clk 1:31:43]} 4. Nf3 {[%clk 1:31:44]} e6
{[%clk 1:32:05]} 5. Bg5 {[%clk 1:31:58]} Nbd7 {[%clk 1:31:59]} 6. e3 {[%clk
1:31:23]} Be7 {[%clk 1:30:45]} 7. Rc1 {[%clk 1:31:10]} O-O {[%clk 1:29:45]} 8.
Bd3 {[%clk 1:30:23]} dxc4 {[%clk 1:28:46]} 9. Bxc4 {[%clk 1:30:43]} b5 {[%clk
1:28:16]} 10. Bd3 {[%clk 1:26:36]} a6 {[%clk 1:24:22]} 11. O-O {[%clk 1:20:03]}
c5 {[%clk 1:16:00]} 12. Ne5 {[%clk 1:08:02]} Bb7 {[%clk 1:09:10]} 13. Nxd7 {[%clk
0:53:41]} Nxd7 {[%clk 1:08:14]} 14. Bxe7 {[%clk 0:49:54]} Qxe7 {[%clk 1:08:37]}
15. Bb1 {[%clk 0:42:33]} cxd4 {[%clk 1:00:39]} 16. Qxd4 {[%clk 0:39:48]} Rfd8
{[%clk 0:49:04]} 17. Ne4 {[%clk 0:33:58]} e5 {[%clk 0:40:37]} 18. Qd6 {[%clk
0:27:49]} Qxd6 {[%clk 0:29:43]} 19. Nxd6 {[%clk 0:28:07]} Bd5 {[%clk 0:29:29]}
20. Rfd1 {[%clk 0:19:08]} Nb6 {[%clk 0:27:35]} 21. Nf5 {[%clk 0:18:24]} Kf8
{[%clk 0:23:52]} 22. b3 {[%clk 0:09:39]} Rac8 {[%clk 0:20:56]} 1/2-1/2

[Event "9th Vellmar Chess Days"]
[Site "chess24.com"]
[Date "2017.07.14"]
[Round "2"]
[White "Stoeber, Alexander"]
[Black "Kanbach, Mike"]
[Result "1-0"]
[Board "39"]
[WhiteElo "2092"]
[WhiteCountry "GER"]
[WhiteFideId "16211766"]
[WhiteEloChange "4"]
[BlackElo "1846"]
[BlackCountry "GER"]
[BlackFideId "12974536"]
[BlackEloChange "-4"]

1. e4 {[%clk 1:30:57]} e6 {[%clk 1:30:51]} 2. d4 {[%clk 1:31:22]} d5 {[%clk
1:31:07]} 3. Nd2 {[%clk 1:31:42]} a6 {[%clk 1:27:55]} 4. c3 {[%clk 1:31:01]} Nf6
{[%clk 1:27:10]} 5. e5 {[%clk 1:31:24]} Nfd7 {[%clk 1:27:23]} 6. Bd3 {[%clk
1:31:32]} c5 {[%clk 1:27:12]} 7. Ne2 {[%clk 1:31:47]} Nc6 {[%clk 1:27:11]} 8. Nf3
{[%clk 1:31:58]} cxd4 {[%clk 1:10:12]} 9. cxd4 {[%clk 1:32:18]} Bb4+ {[%clk
1:07:24]} 10. Bd2 {[%clk 1:30:57]} f6 {[%clk 1:04:21]} 11. exf6 {[%clk 1:30:39]}
Nxf6 {[%clk 0:52:57]} 12. O-O {[%clk 1:30:00]} Bd6 {[%clk 0:49:07]} 13. Bf4
{[%clk 1:24:21]} Qc7 {[%clk 0:47:23]} 14. Qd2 {[%clk 1:24:07]} O-O {[%clk
0:43:48]} 15. Rac1 {[%clk 1:18:13]} Ng4 {[%clk 0:32:39]} 16. Bg3 {[%clk 1:13:05]}
e5 {[%clk 0:15:43]} 17. dxe5 {[%clk 1:12:46]} Ngxe5 {[%clk 0:15:39]} 18. Nxe5
{[%clk 1:12:01]} Bxe5 {[%clk 0:16:03]} 19. Bxe5 {[%clk 1:11:18]} Qxe5 {[%clk
0:16:30]} 20. Rfe1 {[%clk 1:01:59]} Qf6 {[%clk 0:16:57]} 21. Nc3 {[%clk 0:54:24]}
Be6 {[%clk 0:15:20]} 22. Bc2 {[%clk 0:44:41]} Rad8 {[%clk 0:11:28]} 23. Bb3
{[%clk 0:41:58]} Kh8 {[%clk 0:11:54]} 24. Rcd1 {[%clk 0:38:06]} Qg6 {[%clk
0:10:55]} 25. Qc2 {[%clk 0:30:09]} Bf5 {[%clk 0:11:03]} 26. Qd2 {[%clk 0:28:26]}
Bh3 {[%clk 0:09:31]} 27. Bxd5 {[%clk 0:28:05]} Rf5 {[%clk 0:08:26]} 28. Qe3
{[%clk 0:27:06]} Rfxd5 {[%clk 0:08:34]} 29. Qxh3 {[%clk 0:27:03]} Rxd1 {[%clk
0:07:20]} 30. Rxd1 {[%clk 0:26:31]} Rxd1+ {[%clk 0:06:39]} 31. Nxd1 {[%clk
0:26:56]} h6 {[%clk 0:05:50]} 32. Qc8+ {[%clk 0:12:48]} Kh7 {[%clk 0:06:12]} 33.
Qxb7 {[%clk 0:12:52]} Qd3 {[%clk 0:04:58]} 34. Qb3 {[%clk 0:11:24]} Qd2 {[%clk
0:05:22]} 35. Ne3 {[%clk 0:09:49]} Qe1+ {[%clk 0:03:44]} 36. Nf1 {[%clk 0:10:07]}
Ne5 {[%clk 0:04:04]} 37. Qe3 {[%clk 0:09:47]} Qa5 {[%clk 0:04:00]} 38. Qe4+
{[%clk 0:09:28]} Kh8 {[%clk 0:03:59]} 39. b4 {[%clk 0:09:26]} Qc7 {[%clk
0:04:03]} 40. Qa8+ {[%clk 0:08:01]} Kh7 {[%clk 0:04:23]} 41. Qxa6 {[%clk
0:07:56]} Qc2 {[%clk 0:04:11]} 42. Qe6 {[%clk 0:29:47]} Nc4 {[%clk 0:33:42]} 43.
a4 {[%clk 0:22:58]} Qc3 {[%clk 0:31:23]} 44. Qe4+ {[%clk 0:21:21]} Kh8 {[%clk
0:31:46]} 45. b5 {[%clk 0:20:19]} Nd6 {[%clk 0:26:43]} 46. Qb1 {[%clk 0:16:50]}
Qd4 {[%clk 0:24:57]} 47. b6 {[%clk 0:16:02]} Ne4 {[%clk 0:21:41]} 48. Qc2 {[%clk
0:13:52]} 1-0

[Event "9th Vellmar Chess Days"]
[Site "chess24.com"]
[Date "2017.07.14"]
[Round "2"]
[White "Flach, Helene"]
[Black "Wolff, Michael"]
[Result "1/2-1/2"]
[Board "40"]
[WhiteElo "1819"]
[WhiteCountry "GER"]
[WhiteFideId "12929735"]
[WhiteEloChange "5"]
[BlackElo "1993"]
[BlackCountry "GER"]
[BlackFideId "24607657"]
[BlackEloChange "-5"]

1. e4 {[%clk 1:30:58]} c5 {[%clk 1:10:55]} 2. Nf3 {[%clk 1:31:00]} Nc6 {[%clk
1:10:56]} 3. d4 {[%clk 1:31:20]} cxd4 {[%clk 1:11:16]} 4. Nxd4 {[%clk 1:31:44]}
Nf6 {[%clk 1:11:39]} 5. Nc3 {[%clk 1:32:08]} e5 {[%clk 1:12:06]} 6. Ndb5 {[%clk
1:32:26]} d6 {[%clk 1:12:31]} 7. Bg5 {[%clk 1:32:17]} a6 {[%clk 1:12:53]} 8. Na3
{[%clk 1:32:40]} b5 {[%clk 1:13:19]} 9. Nd5 {[%clk 1:33:01]} Be7 {[%clk 1:13:45]}
10. Bxf6 {[%clk 1:33:20]} Bxf6 {[%clk 1:14:10]} 11. c3 {[%clk 1:33:42]} O-O
{[%clk 1:14:27]} 12. Nc2 {[%clk 1:33:27]} Rb8 {[%clk 1:14:13]} 13. Ncb4 {[%clk
1:27:52]} Nxb4 {[%clk 1:08:32]} 14. Nxb4 {[%clk 1:27:31]} Bb7 {[%clk 1:06:50]}
15. Nd5 {[%clk 1:26:22]} Bg5 {[%clk 1:03:01]} 16. Be2 {[%clk 1:18:34]} b4 {[%clk
0:57:40]} 17. Nxb4 {[%clk 1:00:28]} a5 {[%clk 0:49:52]} 18. Nd5 {[%clk 0:58:35]}
Bxd5 {[%clk 0:47:55]} 19. Qxd5 {[%clk 0:58:50]} Rxb2 {[%clk 0:47:53]} 20. Rd1
{[%clk 0:58:45]} Qb6 {[%clk 0:36:22]} 21. Qc4 {[%clk 0:55:38]} g6 {[%clk
0:29:36]} 22. O-O {[%clk 0:53:53]} Kg7 {[%clk 0:29:01]} 23. Bd3 {[%clk 0:42:48]}
Rb8 {[%clk 0:27:52]} 24. Qd5 {[%clk 0:40:14]} Qc7 {[%clk 0:18:51]} 25. Bc4 {[%clk
0:38:16]} Rc8 {[%clk 0:14:14]} 26. Bb3 {[%clk 0:37:36]} a4 {[%clk 0:13:43]} 27.
Bxa4 {[%clk 0:37:31]} Qxc3 {[%clk 0:13:34]} 28. Bb3 {[%clk 0:36:38]} Qc7 {[%clk
0:11:31]} 29. Qxd6 {[%clk 0:35:12]} Qxd6 {[%clk 0:10:55]} 30. Rxd6 {[%clk
0:35:36]} Rd2 {[%clk 0:07:25]} 31. Rb6 {[%clk 0:31:25]} Bd8 {[%clk 0:06:15]} 32.
Rb7 {[%clk 0:30:40]} Rc7 {[%clk 0:06:32]} 33. Rb5 {[%clk 0:27:46]} f6 {[%clk
0:04:29]} 34. h3 {[%clk 0:26:27]} Be7 {[%clk 0:04:39]} 35. Ra5 {[%clk 0:15:47]}
1/2-1/2

[Event "9th Vellmar Chess Days"]
[Site "chess24.com"]
[Date "2017.07.14"]
[Round "2"]
[White "Reitz, Philipp"]
[Black "Geisler, Reinhard"]
[Result "1-0"]
[Board "41"]
[WhiteElo "1976"]
[WhiteCountry "GER"]
[WhiteFideId "12973297"]
[WhiteEloChange "6"]
[BlackElo "1835"]
[BlackCountry "GER"]
[BlackFideId "4679733"]
[BlackEloChange "-6"]

1. d4 {[%clk 1:30:57]} d5 {[%clk 1:25:15]} 2. c4 {[%clk 1:31:23]} c6 {[%clk
1:25:13]} 3. Nf3 {[%clk 1:30:58]} Nf6 {[%clk 1:25:29]} 4. Nc3 {[%clk 1:31:21]}
dxc4 {[%clk 1:25:02]} 5. a4 {[%clk 1:31:21]} Bf5 {[%clk 1:25:06]} 6. Ne5 {[%clk
1:31:11]} Nbd7 {[%clk 1:21:53]} 7. Nxc4 {[%clk 1:31:07]} Nb6 {[%clk 1:21:41]} 8.
Ne5 {[%clk 1:28:10]} a5 {[%clk 1:21:44]} 9. f3 {[%clk 1:25:37]} Nbd7 {[%clk
1:13:01]} 10. e4 {[%clk 1:19:59]} Nxe5 {[%clk 1:09:48]} 11. dxe5 {[%clk 1:20:09]}
Qxd1+ {[%clk 1:09:31]} 12. Nxd1 {[%clk 1:19:21]} Nxe4 {[%clk 1:00:15]} 13. fxe4
{[%clk 1:19:45]} Bxe4 {[%clk 1:00:35]} 14. Nc3 {[%clk 1:19:47]} Bf5 {[%clk
0:59:36]} 15. Bc4 {[%clk 1:19:53]} e6 {[%clk 0:59:09]} 16. Be3 {[%clk 1:20:17]}
Bb4 {[%clk 0:58:46]} 17. O-O {[%clk 1:20:15]} O-O {[%clk 0:57:59]} 18. Bb6 {[%clk
1:20:30]} Bxc3 {[%clk 0:56:02]} 19. bxc3 {[%clk 1:20:51]} Rfc8 {[%clk 0:33:45]}
20. Rf2 {[%clk 1:19:14]} Kf8 {[%clk 0:22:55]} 21. Rd1 {[%clk 1:18:39]} Be4 {[%clk
0:22:36]} 22. Rd7 {[%clk 1:18:44]} c5 {[%clk 0:22:30]} 1-0

[Event "9th Vellmar Chess Days"]
[Site "chess24.com"]
[Date "2017.07.14"]
[Round "2"]
[White "Held, Maurice"]
[Black "Ernst, Rolf"]
[Result "1-0"]
[Board "42"]
[WhiteElo "1819"]
[WhiteCountry "GER"]
[WhiteFideId "12952761"]
[WhiteEloChange "14"]
[BlackElo "1974"]
[BlackTitle "FM"]
[BlackCountry "GER"]
[BlackFideId "4611101"]
[BlackEloChange "-14"]

1. c4 {[%clk 1:30:57]} c5 {[%clk 1:30:44]} 2. g3 {[%clk 1:31:20]} Nc6 {[%clk
1:31:02]} 3. Bg2 {[%clk 1:31:43]} g6 {[%clk 1:31:22]} 4. Nc3 {[%clk 1:32:03]} Bg7
{[%clk 1:31:32]} 5. e3 {[%clk 1:32:07]} e6 {[%clk 1:31:10]} 6. Nge2 {[%clk
1:32:23]} Nge7 {[%clk 1:31:03]} 7. d4 {[%clk 1:30:05]} cxd4 {[%clk 1:30:52]} 8.
Nxd4 {[%clk 1:26:31]} a6 {[%clk 1:24:43]} 9. O-O {[%clk 1:26:11]} O-O {[%clk
1:21:27]} 10. a3 {[%clk 1:25:08]} Rb8 {[%clk 1:14:12]} 11. b3 {[%clk 1:16:30]} d5
{[%clk 1:09:56]} 12. cxd5 {[%clk 1:15:07]} exd5 {[%clk 1:10:12]} 13. Bb2 {[%clk
1:14:58]} Nxd4 {[%clk 1:09:58]} 14. exd4 {[%clk 1:15:23]} b5 {[%clk 1:04:03]} 15.
b4 {[%clk 1:15:01]} Be6 {[%clk 1:01:19]} 16. Ne2 {[%clk 1:09:01]} Bg4 {[%clk
0:56:36]} 17. h3 {[%clk 1:08:37]} Bf5 {[%clk 0:56:45]} 18. g4 {[%clk 1:07:22]}
Be6 {[%clk 0:53:35]} 19. Nf4 {[%clk 1:03:52]} Qd6 {[%clk 0:51:36]} 20. Nd3 {[%clk
1:02:14]} Rfd8 {[%clk 0:44:57]} 21. Nc5 {[%clk 0:57:44]} Rb6 {[%clk 0:44:59]} 22.
Bc1 {[%clk 0:56:34]} Nc6 {[%clk 0:45:01]} 23. Be3 {[%clk 0:56:55]} Bc8 {[%clk
0:44:09]} 24. Qd2 {[%clk 0:55:32]} Bf6 {[%clk 0:39:59]} 25. Bf4 {[%clk 0:53:52]}
Qe7 {[%clk 0:40:09]} 26. Rae1 {[%clk 0:51:03]} Be6 {[%clk 0:40:31]} 27. Be3
{[%clk 0:48:26]} Qf8 {[%clk 0:36:56]} 28. f4 {[%clk 0:47:07]} Bc8 {[%clk
0:34:09]} 29. Re2 {[%clk 0:32:12]} Kh8 {[%clk 0:33:04]} 30. Rfe1 {[%clk 0:31:55]}
Rb8 {[%clk 0:26:35]} 31. Bf2 {[%clk 0:28:50]} Ra8 {[%clk 0:24:53]} 32. Bxd5
{[%clk 0:16:03]} Rxd5 {[%clk 0:22:09]} 33. Re8 {[%clk 0:16:27]} Be6 {[%clk
0:22:22]} 34. Rxf8+ {[%clk 0:16:47]} Rxf8 {[%clk 0:22:51]} 35. Nxe6 {[%clk
0:08:59]} fxe6 {[%clk 0:23:07]} 36. Rxe6 {[%clk 0:08:12]} Nxd4 {[%clk 0:23:22]}
37. Bxd4 {[%clk 0:04:19]} Bxd4+ {[%clk 0:23:25]} 38. Kg2 {[%clk 0:04:45]} Rdd8
{[%clk 0:23:04]} 39. Rxa6 {[%clk 0:01:30]} Rfe8 {[%clk 0:22:25]} 40. Qa2 {[%clk
0:00:41]} Bc3 {[%clk 0:21:27]} 41. Re6 {[%clk 0:31:17]} Rf8 {[%clk 0:49:18]} 42.
Kf3 {[%clk 0:28:27]} Bg7 {[%clk 0:42:01]} 43. Qe2 {[%clk 0:27:55]} Ra8 {[%clk
0:40:25]} 44. Qxb5 {[%clk 0:23:44]} Rxa3+ {[%clk 0:40:38]} 45. Re3 {[%clk
0:24:10]} Raa8 {[%clk 0:41:03]} 46. Qd7 {[%clk 0:22:56]} Rad8 {[%clk 0:40:42]}
47. Qe6 {[%clk 0:20:10]} Rd4 {[%clk 0:40:32]} 48. Re4 {[%clk 0:19:36]} Rd3+
{[%clk 0:40:50]} 49. Re3 {[%clk 0:18:27]} Rd4 {[%clk 0:41:11]} 50. Re4 {[%clk
0:18:52]} Rd3+ {[%clk 0:41:29]} 51. Kg2 {[%clk 0:18:55]} Rd2+ {[%clk 0:41:47]}
52. Kf3 {[%clk 0:18:25]} Rd3+ {[%clk 0:42:04]} 53. Kg2 {[%clk 0:18:52]} Rd2+
{[%clk 0:42:18]} 54. Kg3 {[%clk 0:15:28]} Rd3+ {[%clk 0:40:03]} 55. Kh4 {[%clk
0:14:29]} g5+ {[%clk 0:34:39]} 56. fxg5 {[%clk 0:14:36]} Rff3 {[%clk 0:34:59]}
57. Qe8+ {[%clk 0:14:52]} Bf8 {[%clk 0:35:24]} 58. Qe5+ {[%clk 0:14:53]} Bg7
{[%clk 0:35:47]} 59. Qh2 {[%clk 0:13:41]} Kg8 {[%clk 0:32:49]} 60. Rf4 {[%clk
0:12:24]} Rfe3 {[%clk 0:32:28]} 61. Qg2 {[%clk 0:12:39]} Bf8 {[%clk 0:32:33]} 62.
b5 {[%clk 0:12:36]} Be7 {[%clk 0:32:29]} 63. Re4 {[%clk 0:11:25]} Rxh3+ {[%clk
0:31:16]} 64. Qxh3 {[%clk 0:11:46]} Bxg5+ {[%clk 0:31:32]} 65. Kxg5 {[%clk
0:12:04]} Rxh3 {[%clk 0:31:59]} 66. Rb4 {[%clk 0:10:36]} 1-0

[Event "9th Vellmar Chess Days"]
[Site "chess24.com"]
[Date "2017.07.14"]
[Round "2"]
[White "Lutz, Ruben"]
[Black "Schuette, Ulrich"]
[Result "1-0"]
[Board "43"]
[WhiteElo "1959"]
[WhiteCountry "GER"]
[WhiteFideId "12975974"]
[WhiteEloChange "6"]
[BlackElo "1830"]
[BlackCountry "GER"]
[BlackFideId "4646134"]
[BlackEloChange "-6"]

1. d4 {[%clk 1:30:57]} d5 {[%clk 1:30:51]} 2. c4 {[%clk 1:31:22]} e6 {[%clk
1:31:17]} 3. cxd5 {[%clk 1:31:47]} exd5 {[%clk 1:31:40]} 4. Nc3 {[%clk 1:32:12]}
c6 {[%clk 1:31:47]} 5. Nf3 {[%clk 1:32:00]} Nf6 {[%clk 1:31:47]} 6. Bg5 {[%clk
1:32:22]} Be7 {[%clk 1:32:01]} 7. e3 {[%clk 1:32:40]} O-O {[%clk 1:32:25]} 8. Qc2
{[%clk 1:32:26]} Re8 {[%clk 1:32:48]} 9. Bd3 {[%clk 1:32:29]} h6 {[%clk 1:32:11]}
10. Bh4 {[%clk 1:30:46]} Ne4 {[%clk 1:30:54]} 11. Bxe7 {[%clk 1:30:41]} Qxe7
{[%clk 1:31:17]} 12. O-O {[%clk 1:29:00]} Nd7 {[%clk 1:31:30]} 13. Rab1 {[%clk
1:22:15]} Ndf6 {[%clk 1:26:06]} 14. Ne5 {[%clk 1:19:43]} Nd6 {[%clk 1:26:30]} 15.
b4 {[%clk 1:14:13]} Bd7 {[%clk 1:26:55]} 16. Na4 {[%clk 1:06:17]} b5 {[%clk
1:22:41]} 17. Nc5 {[%clk 1:04:42]} Rec8 {[%clk 1:17:11]} 18. Rbc1 {[%clk
0:43:48]} Nc4 {[%clk 1:17:09]} 19. Nexd7 {[%clk 0:42:44]} Nxd7 {[%clk 1:17:26]}
20. Nxd7 {[%clk 0:43:09]} Qxd7 {[%clk 1:17:35]} 21. Bf5 {[%clk 0:43:29]} Qe7
{[%clk 1:18:00]} 22. Bxc8 {[%clk 0:43:49]} Rxc8 {[%clk 1:18:27]} 23. Qc3 {[%clk
0:42:04]} Ra8 {[%clk 1:18:18]} 24. a3 {[%clk 0:36:29]} a5 {[%clk 1:18:17]} 25.
Ra1 {[%clk 0:36:19]} a4 {[%clk 1:18:24]} 26. Rfe1 {[%clk 0:35:35]} f5 {[%clk
1:18:36]} 27. Qd3 {[%clk 0:32:25]} Qf6 {[%clk 1:15:35]} 28. Ra2 {[%clk 0:30:01]}
Re8 {[%clk 1:11:35]} 29. Rae2 {[%clk 0:29:42]} Rd8 {[%clk 1:11:53]} 30. f3 {[%clk
0:26:54]} Rd7 {[%clk 1:11:44]} 31. Rf1 {[%clk 0:22:59]} Re7 {[%clk 1:10:23]} 32.
e4 {[%clk 0:07:33]} f4 {[%clk 1:06:07]} 33. e5 {[%clk 0:04:12]} Qg5 {[%clk
1:05:15]} 34. Kh1 {[%clk 0:03:43]} Re6 {[%clk 1:05:07]} 35. Rg1 {[%clk 0:02:49]}
Kf7 {[%clk 1:02:56]} 36. g3 {[%clk 0:02:23]} Rg6 {[%clk 1:01:57]} 37. h4 {[%clk
0:01:23]} Qh5 {[%clk 1:01:49]} 38. g4 {[%clk 0:01:47]} Qxh4+ {[%clk 1:01:34]} 39.
Rh2 {[%clk 0:02:14]} Qe7 {[%clk 1:01:29]} 40. Qf5+ {[%clk 0:02:40]} 1-0

[Event "9th Vellmar Chess Days"]
[Site "chess24.com"]
[Date "2017.07.14"]
[Round "2"]
[White "Kelm, Daniel"]
[Black "Beyer, Nils"]
[Result "1/2-1/2"]
[Board "44"]
[WhiteElo "1950"]
[WhiteCountry "GER"]
[WhiteFideId "12917095"]
[WhiteEloChange "-4"]
[BlackElo "1807"]
[BlackCountry "GER"]
[BlackFideId "12995355"]
[BlackEloChange "4"]

1. d4 {[%clk 1:30:58]} d5 {[%clk 1:28:06]} 2. Nf3 {[%clk 1:31:02]} Nf6 {[%clk
1:28:16]} 3. e3 {[%clk 1:31:10]} c5 {[%clk 1:28:15]} 4. dxc5 {[%clk 1:29:40]} Nc6
{[%clk 1:26:06]} 5. Be2 {[%clk 1:21:05]} e6 {[%clk 1:24:29]} 6. O-O {[%clk
1:19:45]} Bxc5 {[%clk 1:24:31]} 7. b3 {[%clk 1:15:20]} O-O {[%clk 1:23:23]} 8.
Bb2 {[%clk 1:15:43]} a6 {[%clk 1:22:16]} 9. Nbd2 {[%clk 1:08:29]} Qe7 {[%clk
1:20:28]} 10. c4 {[%clk 1:04:18]} Rd8 {[%clk 1:18:51]} 11. Qc2 {[%clk 0:58:17]}
b6 {[%clk 1:08:58]} 12. a3 {[%clk 0:52:12]} Bb7 {[%clk 1:07:00]} 13. b4 {[%clk
0:46:28]} Bd6 {[%clk 1:06:28]} 14. cxd5 {[%clk 0:46:23]} exd5 {[%clk 1:04:38]}
15. Rfd1 {[%clk 0:34:41]} Rac8 {[%clk 1:02:13]} 16. Qf5 {[%clk 0:32:48]} h6
{[%clk 0:43:34]} 17. Bxf6 {[%clk 0:27:18]} Qxf6 {[%clk 0:42:49]} 18. Qxf6 {[%clk
0:27:46]} gxf6 {[%clk 0:43:02]} 19. Nb3 {[%clk 0:17:05]} Ne5 {[%clk 0:35:56]} 20.
Nbd4 {[%clk 0:13:51]} Kh7 {[%clk 0:30:02]} 21. Nf5 {[%clk 0:14:07]} Nxf3+ {[%clk
0:25:32]} 22. Bxf3 {[%clk 0:13:46]} Be5 {[%clk 0:25:10]} 23. Ra2 {[%clk 0:11:43]}
Rc7 {[%clk 0:19:57]} 24. Rad2 {[%clk 0:11:34]} Rc3 {[%clk 0:17:58]} 25. Rd3
{[%clk 0:11:58]} Rdc8 {[%clk 0:17:30]} 26. g3 {[%clk 0:11:30]} Rc1 {[%clk
0:13:49]} 27. Rxc1 {[%clk 0:11:13]} Rxc1+ {[%clk 0:14:08]} 28. Kg2 {[%clk
0:11:40]} Ra1 {[%clk 0:13:12]} 29. Nd4 {[%clk 0:11:43]} Kg6 {[%clk 0:12:35]} 30.
Bg4 {[%clk 0:12:03]} a5 {[%clk 0:11:57]} 31. Bf5+ {[%clk 0:12:26]} Kg7 {[%clk
0:12:16]} 32. Bd7 {[%clk 0:06:34]} Kf8 {[%clk 0:07:37]} 33. Bc6 {[%clk 0:04:09]}
Bxd4 {[%clk 0:04:30]} 34. Bxb7 {[%clk 0:04:30]} Bb2 {[%clk 0:04:38]} 35. bxa5
{[%clk 0:03:52]} bxa5 {[%clk 0:04:34]} 36. Bxd5 {[%clk 0:02:22]} Rxa3 {[%clk
0:04:24]} 37. Rxa3 {[%clk 0:01:16]} Bxa3 {[%clk 0:04:41]} 38. Kf3 {[%clk
0:01:40]} Ke7 {[%clk 0:02:39]} 39. Kg4 {[%clk 0:01:52]} Kf8 {[%clk 0:01:16]} 40.
Bc4 {[%clk 0:01:00]} Bb4 {[%clk 0:01:13]} 41. Kf5 {[%clk 0:01:12]} Kg7 {[%clk
0:00:44]} 42. Bb3 {[%clk 0:23:40]} Be1 {[%clk 0:25:54]} 43. f3 {[%clk 0:23:49]}
h5 {[%clk 0:25:38]} 44. e4 {[%clk 0:20:40]} Bf2 {[%clk 0:24:14]} 1/2-1/2

[Event "9th Vellmar Chess Days"]
[Site "chess24.com"]
[Date "2017.07.14"]
[Round "2"]
[White "Woellenstein, Sebastian"]
[Black "Modric, Vladimir"]
[Result "1-0"]
[Board "47"]
[WhiteElo "1736"]
[WhiteCountry "GER"]
[WhiteFideId "12974706"]
[WhiteEloChange "14"]
[BlackElo "1903"]
[BlackCountry "GER"]
[BlackFideId "24628654"]
[BlackEloChange "-14"]

1. e4 {[%clk 1:30:30]} d6 {[%clk 1:30:30]} 2. d4 {[%clk 1:30:30]} Nf6 {[%clk
1:30:30]} 3. Nc3 {[%clk 1:30:30]} g6 {[%clk 1:30:30]} 4. f4 {[%clk 1:30:30]} Bg7
{[%clk 1:30:30]} 5. Nf3 {[%clk 1:30:30]} O-O {[%clk 1:30:30]} 6. Be3 {[%clk
1:30:30]} c5 {[%clk 1:30:30]} 7. dxc5 {[%clk 1:30:30]} Qa5 {[%clk 1:30:30]} 8.
Bd2 {[%clk 1:30:30]} Qxc5 {[%clk 1:30:30]} 9. Bd3 {[%clk 1:30:30]} Na6 {[%clk
1:30:30]} 10. a3 {[%clk 1:30:30]} Bd7 {[%clk 1:30:30]} 11. Qe2 {[%clk 1:30:30]}
Qb6 {[%clk 1:30:30]} 12. O-O-O {[%clk 1:30:30]} Nc5 {[%clk 1:30:30]} 13. h3
{[%clk 1:30:30]} Nxd3+ {[%clk 1:30:30]} 14. Qxd3 {[%clk 1:30:30]} Rac8 {[%clk
1:30:30]} 15. g4 {[%clk 1:30:30]} Bc6 {[%clk 1:30:30]} 16. Be3 {[%clk 1:30:30]}
Qa5 {[%clk 1:30:30]} 17. Bd4 {[%clk 1:30:30]} b5 {[%clk 1:30:30]} 18. g5 {[%clk
1:30:30]} Nd7 {[%clk 1:30:30]} 19. Bxg7 {[%clk 1:30:30]} Kxg7 {[%clk 1:30:30]}
20. h4 {[%clk 1:30:30]} Nc5 {[%clk 1:30:30]} 21. Qd4+ {[%clk 1:30:30]} Kg8 {[%clk
1:30:30]} 22. Nd2 {[%clk 1:30:30]} Bb7 {[%clk 1:30:30]} 23. Ndb1 {[%clk 1:30:30]}
Ne6 {[%clk 1:30:30]} 24. Qe3 {[%clk 1:30:30]} b4 {[%clk 1:30:30]} 25. axb4 {[%clk
1:30:30]} Qxb4 {[%clk 1:30:30]} 26. h5 {[%clk 1:30:30]} Nc5 {[%clk 1:30:30]} 27.
Rd4 {[%clk 1:30:30]} Qb6 {[%clk 1:30:30]} 28. Nd2 {[%clk 1:30:30]} e5 {[%clk
1:30:30]} 29. Qh3 {[%clk 1:30:30]} Qc7 {[%clk 1:30:30]} 30. hxg6 {[%clk 1:30:30]}
fxg6 {[%clk 1:30:30]} 31. Rxd6 {[%clk 1:30:30]} Bxe4 {[%clk 1:30:30]} 32. Ndxe4
{[%clk 1:30:30]} Nxe4 {[%clk 1:30:30]} 33. Rd7 {[%clk 1:30:30]} 1-0

[Event "9th Vellmar Chess Days"]
[Site "chess24.com"]
[Date "2017.07.14"]
[Round "2"]
[White "Buese, Ralf"]
[Black "von Lossow, Marcus"]
[Result "1-0"]
[Board "48"]
[WhiteElo "1900"]
[WhiteCountry "GER"]
[WhiteFideId "16208358"]
[WhiteEloChange "7"]
[BlackElo "1781"]
[BlackCountry "GER"]
[BlackFideId "12942090"]
[BlackEloChange "-7"]

1. d4 {[%clk 1:30:30]} d5 {[%clk 1:30:30]} 2. Bf4 {[%clk 1:30:30]} Nf6 {[%clk
1:30:30]} 3. e3 {[%clk 1:30:30]} c6 {[%clk 1:30:30]} 4. c4 {[%clk 1:30:30]} dxc4
{[%clk 1:30:30]} 5. Bxc4 {[%clk 1:30:30]} Bf5 {[%clk 1:30:30]} 6. Qb3 {[%clk
1:30:30]} e6 {[%clk 1:30:30]} 7. Qxb7 {[%clk 1:30:30]} Qa5+ {[%clk 1:30:30]} 8.
Nc3 {[%clk 1:30:30]} Bb4 {[%clk 1:30:30]} 9. Ne2 {[%clk 1:30:30]} Ne4 {[%clk
1:30:30]} 10. O-O {[%clk 1:30:30]} O-O {[%clk 1:30:30]} 11. Bc7 {[%clk 1:30:30]}
1-0